000 00423nam a2200205Ia 4500
003 IT-RoPAU
008 120407s9999 xx 000 0 und d
040 _aIT-RoPAU
040 _cIT-RoPAU
041 _aita
100 _aTheodor Schnitzler
245 _aMeditazioni sulla S. Messa. 2 v.
250 _aRoma
260 _aHerder
260 _c1960
300 _c15,5 cm
490 _v1
942 _cBK
999 _c327
_d327